000 00609naa a2200205 i 4500
001 51286
003 ES-MaBCM
005 20241016111241.0
008 980216s1997 fra 000 0 fre d
021 _axx
035 _a(OCoLC)1365211245
040 _cES-MaBCM
041 0 _afre
043 _afra
100 1 _aPelt, Jean-Marie
_935983
245 1 2 _aL'écologie a l'aube du troisième millenaire
_cJean-Marie Pelt
650 2 7 _aProtección del medio ambiente
_959954
773 0 _aEn:
_tRevue politique et parlementaire
_dParis : 1997
_w104657
_gn. 990, sept.-oct., p. 7-11. - Loc. S.310
942 _cAREV
999 _c51286
_d51286